LEADER 01351nam 2200325Ia 450 001 996387056803316 005 20210104171841.0 035 $a(CKB)4940000000084030 035 $a(EEBO)2240882142 035 $a(OCoLC)ocn226318228e 035 $a(OCoLC)226318228 035 $a(EXLCZ)994940000000084030 100 $a20080428d1684 uy 0 101 0 $alat 135 $aurbn||||a|bb| 200 10$aDissertationem medicam de arthritide, sub praesidio$b[electronic resource] $eviri nobilissimi, excellentissimi, atq? experientissimi Dn. Caroli Drelincurtii ... publico ... examini in auditorio medico, horisq; solitis, ad diem XV. Julii ... M. DC. LXXXI. subjiciet, & respondendo defendere conabitur /$fautor, Barthlomaeus Tobias Seibtius, Gorl. Hexap 210 $aLugduni Batavorum & Budissini, $cLiteris Elzevierianis & Richterianis$dM. DC. LXXXIV. [1684] 215 $a[31] p 300 $aReproduction of original in the British Library. 330 $aeebo-0018 606 $aArthritis$vEarly works to 1800 615 0$aArthritis 700 $aSeibtius$b Barthlomaeus Tobias$ffl. 1681.$01021218 701 $aDrelincourt$b Charles$f1633-1697.$01017291 801 0$bUMI 801 1$bUMI 906 $aBOOK 912 $a996387056803316 996 $aDissertationem medicam de arthritide, sub praesidio$92420042 997 $aUNISA LEADER 01101nam a2200277 i 4500 001 991001333049707536 005 20020507191534.0 008 931008s1988 fr ||| | ||| 035 $ab10832853-39ule_inst 035 $aLE01310650$9ExL 040 $aDip.to Matematica$beng 082 0 $a514.72 084 $aAMS 58G 084 $aAMS 58G25 245 10$aSéminaire de théorie spectrale et géométrie n. 6 :$bannée 1987-1988 Chambery-Grenoble /$ceds. Univ. Grenoble I Inst. Fourier, Univ. Savoie Fac. Sciences 260 $aChambery-Grenoble :$bUniv. Grenoble I, Inst. Fourier ; Univ. Savoie Fac. Sciences,$c1988 300 $a122 p. ;$c29 cm. 650 4$aScattering theory 650 4$aSpectral geometry 650 4$aSpectral problems 907 $a.b10832853$b02-04-14$c28-06-02 912 $a991001333049707536 945 $aLE013 58G IFG11 (1988)$g1$i2013000075563$lle013$o-$pE0.00$q-$rl$s- $t0$u0$v0$w0$x0$y.i10941940$z28-06-02 996 $aSéminaire de théorie spectrale et géométrie n. 6$9923526 997 $aUNISALENTO 998 $ale013$b01-01-93$cm$da $e-$feng$gfr $h0$i1